mysqli: Table './ulib62015/stat_globaluid' is marked as crashed and should be repaired
select id from stat_globaluid where statuid='20260518000627_803'
mysqli: Table './ulib62015/stat_globaluid' is marked as crashed and should be repaired
DELETE FROM stat_globaluid
WHERE id NOT IN (
SELECT id
FROM (
SELECT id
FROM stat_globaluid
ORDER BY id DESC
LIMIT 100
) foo
);
mysqli: Table './ulib62015/stat_globaluid' is marked as crashed and should be repaired
insert into stat_globaluid set
statuid='20260518000627_803',
dt='1779037587',
phpself='/ULIB62015/dublinfull.php',
agent='Mozilla/5.0 AppleWebKit/537.36 (KHTML, like Gecko; compatible; ClaudeBot/1.0; +claudebot@anthropic.com)',
yea='2026',
mon='5',
dat='18',
ip='216.73.216.45'
mysqli: Table './ulib62015/stathist_viewbib_bib_type' is marked as crashed and should be repaired
insert into stathist_viewbib_bib_type set
dat='18' ,
mon='05' ,
yea='2026' ,
statuid='20260518000627_803' ,
head='13399120562' ,
foot='marc' ,
dt='1779037587'
| LEADER : 00000nam 2200000uu 4500 |
| 001 13399120562 |
| 003 ULIB |
| 008 020711s2550 th a 000 0 tha d |
| 020 ^a9789747306156
|
| 050 0 ^aHD57.7^bช486ภ 2550
|
| 100 ^aชาญชัย อาจินสมาจาร
|
| 245 ^aภาวะผู้นำในองค์การ=^bLeadership in Organization/^cชาญชัย อาจินสมาจาร
|
| 260 ^aกรุงเทพฯ :^bปัญญาชน,^c2550
|
| 300 ^a184 หน้า
|
| 650 ^aบริหารงานบุคคลและองค์การ
|
| 945 ^p159^l0^i019978
|
| 945 ^p0^l0^i019979
|
| 945 ^p0^l0^i019980
|
| 945 ^p0^l0^i019981
|
| 945 ^p0^l0^i019982 |
| 999 ^aอริศรา หะยีเด
|
| คุณยังไม่ได้ล็อกอิน คุณสามารถมีกิจกรรมร่วมกับเว็บไซต์ได้ แต่ต้องล็อกอินก่อน :: |
|
|
|
รายการใกล้เคียง
ผู้แต่ง [ชาญชัย อาจินสมาจาร]
|
|
ยังไม่เคยถูกคอมเมนท์
|
| คอมเมนท์ทรัพยากรรายการนี้ |
|